000 01187nam a2200313 a 4500
001 000028585
003 DO-SdBNP
005 20171120125356.0
008 110411s2010 dr 001 0 spa d
020 _a9789993427162
040 _aBPMSU
_bspa
_cBPMSU
082 0 4 _a972.93054
_bB742b
100 1 _aBosch, Brian J.
240 1 0 _aBalaguer and the Dominican military
_lespañol
245 1 0 _aBalaguer y los militares dominicanos :
_buna divina jerarquía de oficiales durante la décadas de los años sesenta y setenta /
_cBrian J. Bosch ; Bernardo Vega, editor.
260 _aSanto Domingo :
_bFundación Cultura Dominicana,
_c2010.
300 _a418 p. :
_bil., retr. ;
_c24 cm.
500 _aIncluye índice onomástico
500 _aTraducido del inglés
504 _aBibliografía : P. 405-406
600 1 4 _aBALAGUER, JOAQUÍN
_d1906-2002
651 4 _aREPÚBLICA DOMINICANA
_xFUERZAS ARMADAS
_xHISTORIA
_ySIGLO XX
651 4 _aREPÚBLICA DOMINICANA
_xPOLÍTICA Y GOBIERNO
_ySIGLO XX
700 1 2 _aVega, Bernardo
_eed.
910 _aValidado. Control de calidad MFF
942 _2ddc
_cBK
945 _aInventariado / 2017 VM
956 _aVMATEO
_b10
_c20150723
_lBPMSU
_h0069
999 _c7096
_d7096